000 00670nam a22002177a 4500
005 20170124110245.0
010 _aA-346039
020 _c00.00
_a817041072
035 _aA-346039
037 _bCen Lib/Ret
040 _aDPL
_bEN
082 _a020.3
_bMAD
100 _aMadan, Som Nath
_997101
245 _aDictionary of library and information science /
_cby Som Nath Madan
260 _aNew Delhi
_bAnmol Publications
_c1988
270 _bNew Delhi
_a4378/4B, Gali Murari Lal, Ansari Road
_e110002
300 _a93p.
_c20cm(Hb)
650 _aLibraries -- Dictionary
_997102
650 _aLibrary Science
_997103
942 _2ddc
_cEN
_h020.3
_mMAD
999 _c135448
_d135448